01676cas 2200445 a 45000010009000000050017000090080041000260100031000670350024000980400026001220120031001480420007001790430012001860500019001981300029002172450052002462460026002982600068003243000043003923620013004354900047004485000026004955000045005215000038005665000041006046510025006457000034006707100038007048300039007428500008007818520022007898530012008118630013008239060045008369250054008819360035009359550164009709910067011340990029012011255487720030606050423.0011003c19969999at uu 0 0eng d a 2001207690z 97147759  a(OCoLC)ocm35300796  aLcLdOCoLCdDLCdTNJ a-3-7-0306050232-p-----  alc anwjm---00aF1869b.J295230 aJamaica (Hawthorn, Vic.)00aJamaica :ba Lonely Planet travel survival kit.3 aLonely Planet Jamaica aHawthorn, Vic. ;aOakland :bLonely Planet Publications,c1996- av. :bill. (some col.), maps ;c19 cm.0 a1st ed.-1 a1st ed.: Lonely Planet travel survival kit aWritten by: C. Baker. aAt head of title: Lonely Planet, <2000-> aPublished: Footscray, Vic., 2000- aVols. for 2000- lack series title. 0aJamaicavGuidebooks.1 aBaker, Christopher P.,d1955-2 aLonely Planet Publications (Firm) 0aLonely Planet travel survival kit. aDLC xuniversal pattern2081a+ed.4181.1a<3> a7bcbccserialsd2encipf20gn-oclcserc0 aAcquireb1 shelf copyxpolicy default, 2001-10-09 a2nd ed., Published in 2000 LIC add77 2001-10-03 to Selection OfficeraJMH 2001-10-09 to SERCATadd00 2001-10-16 SERCAT3cdd77 2002-01-09 to Shelflistedd94 2002-10-08gdd94 2002-10-09 to BCCD br-MRRhF1869i.J29523tSet 1mAlczLatest edition onlywGenBib abaker-jamaica-1074964658